000 00434nam a2200121Ia 4500
008 220620s9999||||xx |||||||||||||| ||und||
245 0 _aEIB Investment Report 2019/2020
_baccelerating Europe's transformation
546 _aEnglish[eng]
650 _aBusiness & Economics||Finance||General
700 _aInvestment Bank, European
856 _uhttps://library.oapen.org/bitstream/20.500.12657/43377/1/external_content.epub
942 _cEB
999 _c22459
_d22459